Statistics for Oscar Actors by Movies #1

Click here to take the quiz!

General Stats

  • This quiz has been taken 309 times
  • The average score is 14 of 20

Answer Stats

MoviesActor% Correct
The Silence of the Lambs | NixonAnthony Hopkins
89%
La La Land | Half NelsonRyan Gosling
88%
Flight | Malcolm XDenzel Washington
87%
American Sniper | A Star Is BornBradley Cooper
84%
Finding Neverland |
Sweeney Todd
Johnny Depp
82%
Jerry Maguire | MagnoliaTom Cruise
79%
A Beautiful Mind | The InsiderRussell Crowe
78%
Walk the Line | GladiatorJoaquin Phoenix
77%
Tropic Thunder | ChaplinRobert Downey Jr.
76%
Gandhi | House of Sand and FogBen Kingsley
75%
Milk | Dead Man WalkingSean Penn
74%
Phantom Thread | My Left FootDaniel Day-Lewis
69%
The African Queen | CasablancaHumphrey Bogart
66%
American History X | BirdmanEdward Norton
64%
Marriage Story | BlacKkKlansmanAdam Driver
58%
The Talented Mr. Ripley |
Cold Mountain
Jude Law
54%
The Cider House Rules | AlfieMichael Caine
52%
Captain Fantastic | Green BookViggo Mortensen
50%
The Philadelphia Story | HarveyJames Stewart
39%
Traffic | 21 GramsBenicio Del Toro
38%

Score Distribution

Percentile by Number Answered

Percent of People with Each Score

Your Score History

You have not taken this quiz